Daily Capital City Riddle #95 - Statistics

General Stats
  • This quiz has been taken 42 times
  • The average score is 34 of 35
Answer Stats
Type Answer % Correct
Found Letter A
100%
Alphabet Letter E
100%
Alphabet Letter G
100%
Alphabet Letter H
100%
Correctly Placed Letter Í
100%
Found Letter I
100%
Alphabet Letter K
100%
Alphabet Letter N
100%
Alphabet Letter O
100%
Found Letter S
100%
Alphabet Letter T
100%
Found Letter B
97%
Alphabet Letter C
97%
Alphabet Letter D
97%
Alphabet Letter J
97%
Found Letter L
97%
Found Letter R
97%
Alphabet Letter U
97%
Alphabet Letter W
97%
Alphabet Letter Y
97%
Correctly Placed Letter B
95%
Correctly Placed Letter L
95%
Alphabet Letter M
95%
Alphabet Letter P
95%
Correctly Placed Letter A
92%
Correctly Placed Letter A
92%
Alphabet Letter Q
92%
Correctly Placed Letter R
92%
Correctly Placed Letter S
92%
Alphabet Letter V
92%
Alphabet Letter X
92%
Mystery Capital Brasília
89%
Alphabet Letter F
89%
Correctly Placed Letter I
89%
Alphabet Letter Z
89%
No matching quizzes found
Score Distribution
Percent of People with Each Score
Percentile by Number Answered
Your Score History
You have not taken this quiz